[Event "Kimry-ch"]
[Site "Kimry"]
[Date "2016.01.05"]
[Round "7"]
[White "Geshko, Aleksey"]
[Black "Jarulin, Rufat"]
[Result "1/2-1/2"]
[WhiteElo "2043"]
[BlackElo "2005"]
[PlyCount "74"]
[EventDate "2016.01.02"]
[EventType "swiss"]
[EventRounds "9"]
[EventCountry "RUS"]
[SourceTitle "CBM 170 Extra"]
[Source "ChessBase"]
[SourceDate "2016.02.25"]
[SourceVersion "1"]
[SourceVersionDate "2016.02.25"]
[SourceQuality "1"]

1. e4 d6 2. d4 Nf6 3. Nc3 g6 4. Nf3 Bg7 5. Be2 0-0 6. 0-0 c6 7. a4 a5 8. h3 Na6 9. Be3 Nd7 10. Qd2 Nb4 11. Bh6 d5 12. Bxg7 Kxg7 13. exd5 Nxd5 14. Nxd5 cxd5 15. Bd3 f6 16. Rfe1 Nb6 17. b3 Bd7 18. Re2 Bc6 19. Rae1 Rf7 20. Nh2 Bd7 21. Nf1 Nc8 22. Ne3 Be6 23. Nd1 Bd7 24. c4 Bc6 25. Nc3 Nb6 26. c5 Nd7 27. f4 e5 28. fxe5 fxe5 29. dxe5 Nxc5 30. e6 Re7 31. Nb5 Nxd3 32. Qxd3 Bxb5 33. Qxb5 Ra6 34. Re5 Qb6+ 35. Qxb6 Rxb6 36. Rxd5 Rxb3 37. Rxa5 Kf6 1/2-1/2

[Event "Kimry-ch"]
[Site "Kimry"]
[Date "2016.01.04"]
[Round "4"]
[White "Nefedov, Dmitriy"]
[Black "Jarulin, Rufat"]
[Result "1/2-1/2"]
[WhiteElo "2056"]
[BlackElo "2005"]
[PlyCount "82"]
[EventDate "2016.01.02"]
[EventType "swiss"]
[EventRounds "9"]
[EventCountry "RUS"]
[SourceTitle "CBM 170 Extra"]
[Source "ChessBase"]
[SourceDate "2016.02.25"]
[SourceVersion "1"]
[SourceVersionDate "2016.02.25"]
[SourceQuality "1"]

1. Nf3 Nf6 2. c4 g6 3. Nc3 Bg7 4. g3 d6 5. e4 c5 6. Bg2 0-0 7. 0-0 Nc6 8. d3 Rb8 9. Bd2 a6 10. a4 Bg4 11. h3 Bxf3 12. Bxf3 Ne5 13. Be2 Nc6 14. Rb1 Nd4 15. b4 b6 16. Re1 Nd7 17. b5 a5 18. Rf1 e6 19. Kg2 f5 20. f4 Nf6 21. Bf3 Nxf3 22. Qxf3 Qc7 23. Rbe1 Rbe8 24. Re2 Qf7 25. Rfe1 fxe4 26. Nxe4 Nxe4 27. Rxe4 e5 28. R4e3 Bh6 29. Qd5 Qxd5+ 30. cxd5 Kf7 31. Re4 exf4 32. Rxe8 Rxe8 33. Rxe8 Kxe8 34. gxf4 Ke7 35. Kf3 Bg7 36. Ke4 Bd4 37. Be1 h6 38. Bh4+ Bf6 39. Bg3 Kf7 40. f5 Be7 41. h4 Kf6 1/2-1/2

[Event "Kimry-ch 60th"]
[Site "Kimry"]
[Date "2012.01.03"]
[Round "2"]
[White "Jarulin, Rufat"]
[Black "Krylov, Ivan"]
[Result "0-1"]
[WhiteElo "2006"]
[BlackElo "2133"]
[PlyCount "72"]
[EventDate "2012.01.02"]
[EventType "swiss"]
[EventRounds "9"]
[EventCountry "RUS"]
[SourceTitle "CBM 146 Extra"]
[Source "ChessBase"]
[SourceDate "2012.02.29"]
[SourceVersion "1"]
[SourceVersionDate "2012.02.29"]
[SourceQuality "1"]

1. d4 Nf6 2. c4 e6 3. a3 d5 4. Nc3 c6 5. e3 Nbd7 6. Nf3 Bd6 7. Bd3 dxc4 8. Bxc4 b5 9. Bd3 a6 10. e4 e5 11. 0-0 c5 12. d5 c4 13. Bb1 Nc5 14. Bg5 h6 15. Bh4 Nb3 16. Ra2 Bg4 17. h3 Bxf3 18. Qxf3 Nd2 19. Qg3 g5 20. Rd1 gxh4 21. Qe3 Nxb1 22. Nxb1 Nh5 23. b3 cxb3 24. Qxb3 Nf4 25. Kh1 Qg5 26. f3 0-0 27. Qc3 Rfc8 28. Qe1 Rc4 29. Qf1 Rac8 30. Kh2 Rc2 31. Rd2 Rc1 32. Rd1 R8c2 33. Rxc2 Rxc2 34. Rd2 Rxd2 35. Nxd2 Nxh3 36. Kxh3 Qg3# 0-1

[Event "Kimry 56 Rtng winter"]
[Site "Kimry"]
[Date "2011.01.21"]
[Round "2.2"]
[White "Petrov, Alexandr1111"]
[Black "Jarulin, Rufat"]
[Result "0-1"]
[WhiteElo "1719"]
[BlackElo "2032"]
[PlyCount "76"]
[EventDate "2011.01.21"]
[EventType "swiss"]
[EventRounds "8"]
[EventCountry "RUS"]
[SourceTitle "EXT 2022"]
[Source "ChessBase"]
[SourceDate "2021.10.06"]
[SourceVersion "1"]
[SourceVersionDate "2021.10.06"]
[SourceQuality "1"]

1. b4 e5 2. Bb2 Bxb4 3. Bxe5 Nf6 4. e3 Nc6 5. Bb2 d5 6. Nf3 0-0 7. a3 Ba5 8. c4 Bg4 9. h3 Bh5 10. Be2 Ne4 11. cxd5 Qxd5 12. Nc3 Nxc3 13. Bxc3 Bxc3 14. dxc3 Qc5 15. Qc1 Rfd8 16. 0-0 Ne5 17. Nd4 Bxe2 18. Nxe2 Rd3 19. Rd1 Rad8 20. Rxd3 Rxd3 21. Qe1 b6 22. Rd1 g6 23. Rxd3 Nxd3 24. Qd2 Qc4 25. Nf4 Nxf4 26. exf4 Qc5 27. Qd8+ Kg7 28. Qd4+ Qxd4 29. cxd4 Kf6 30. g4 Ke6 31. Kg2 Kd5 32. Kf3 Kxd4 33. f5 c5 34. fxg6 fxg6 35. Ke2 Ke4 36. a4 a6 37. h4 b5 38. axb5 axb5 0-1

[Event "Kimry op Jan"]
[Site "Kimry"]
[Date "2011.01.04"]
[Round "4"]
[White "Jarulin, Rufat"]
[Black "Krylov, Vladimir"]
[Result "1-0"]
[WhiteElo "2032"]
[BlackElo "1935"]
[PlyCount "90"]
[EventDate "2011.01.02"]
[EventType "swiss"]
[EventRounds "9"]
[EventCountry "RUS"]
[SourceTitle "CBM 140 Extra"]
[Source "ChessBase"]
[SourceDate "2011.03.01"]
[SourceVersion "1"]
[SourceVersionDate "2011.03.01"]
[SourceQuality "1"]

1. d4 c6 2. e4 g6 3. c4 Bg7 4. Nc3 d6 5. Be3 Nf6 6. f3 e5 7. dxe5 dxe5 8. Qxd8+ Kxd8 9. 0-0-0+ Kc7 10. Bd3 b6 11. Nge2 Be6 12. b3 Na6 13. Na4 Nb4 14. Bb1 c5 15. Nac3 a6 16. Nd5+ Bxd5 17. cxd5 a5 18. Nc3 Na6 19. Bd3 Ne8 20. Bb5 Nd6 21. Bc6 Rad8 22. Nb5+ Nxb5 23. Bxb5 Kb7 24. Kb2 Nc7 25. Bc6+ Kc8 26. Rc1 Ne8 27. Bxc5 bxc5 28. Rxc5 Nc7 29. Rhc1 Kb8 30. Rxa5 Bf8 31. a3 f5 32. b4 fxe4 33. fxe4 Bh6 34. Rd1 Be3 35. d6 Bd4+ 36. Rxd4 exd4 37. dxc7+ Kxc7 38. Bd5 Rhf8 39. Kc2 Rf2+ 40. Kd3 Rxg2 41. Ra7+ Kb6 42. Rxh7 Rb2 43. Kxd4 Rb3 44. Kc4 Rxa3 45. Rb7+ Ka6 1-0

[Event "Kimry op Jan"]
[Site "Kimry"]
[Date "2011.01.04"]
[Round "5"]
[White "Kazennov, Ivan"]
[Black "Jarulin, Rufat"]
[Result "1-0"]
[WhiteElo "1944"]
[BlackElo "2032"]
[PlyCount "55"]
[EventDate "2011.01.02"]
[EventType "swiss"]
[EventRounds "9"]
[EventCountry "RUS"]
[SourceTitle "CBM 140 Extra"]
[Source "ChessBase"]
[SourceDate "2011.03.01"]
[SourceVersion "1"]
[SourceVersionDate "2011.03.01"]
[SourceQuality "1"]

1. e4 d6 2. d4 Nf6 3. Nc3 g6 4. f4 Bg7 5. Nf3 0-0 6. Bc4 Nxe4 7. Bxf7+ Rxf7 8. Nxe4 Bg4 9. Neg5 Rf8 10. Be3 h6 11. Ne4 Nc6 12. c3 Kh7 13. d5 Bxf3 14. Qxf3 Ne5 15. Qe2 Nd7 16. 0-0-0 c5 17. h4 Nf6 18. Qf3 Qe8 19. h5 Kg8 20. hxg6 Qxg6 21. f5 Qh7 22. Ng5 Qh8 23. Ne6 Rf7 24. Qg3 Ne4 25. Qg4 Nf6 26. Qg6 Qh7 27. Bxh6 Qxg6 28. fxg6 1-0

[Event "Kimry op Jan"]
[Site "Kimry"]
[Date "2011.01.03"]
[Round "2"]
[White "Jarulin, Rufat"]
[Black "Kolpakov, Nikolay Anastasievi"]
[Result "1/2-1/2"]
[WhiteElo "2032"]
[BlackElo "2223"]
[PlyCount "87"]
[EventDate "2011.01.02"]
[EventType "swiss"]
[EventRounds "9"]
[EventCountry "RUS"]
[SourceTitle "CBM 140 Extra"]
[Source "ChessBase"]
[SourceDate "2011.03.01"]
[SourceVersion "1"]
[SourceVersionDate "2011.03.01"]
[SourceQuality "1"]

1. d4 Nf6 2. c4 c5 3. d5 b5 4. cxb5 a6 5. bxa6 Bxa6 6. g3 d6 7. Bg2 g6 8. e4 Nbd7 9. Ne2 Bg7 10. 0-0 0-0 11. Bd2 Nb6 12. a4 Ng4 13. Bc3 Nc4 14. Bxg7 Kxg7 15. b3 Na5 16. Nd2 Ne5 17. f4 Ng4 18. Rf3 Qb6 19. Nf1 Rfb8 20. h3 c4+ 21. Qd4+ Nf6 22. Qxb6 Rxb6 23. bxc4 Bxc4 24. Nc3 Nb3 25. Ra3 Nc5 26. Nd2 Ba6 27. Ra2 Rb4 28. Re3 Nfd7 29. e5 Nb6 30. a5 Nc4 31. Nxc4 Bxc4 32. Ra3 Kf8 33. exd6 exd6 34. Re1 Rb2 35. Na4 Nxa4 36. Rxa4 Ba6 37. Ra3 Rc8 38. Bf1 Bb7 39. Rd1 Rc5 40. Bg2 Rbc2 41. Bf1 Ra2 42. Ra1 Rb2 43. Rd1 Ra2 44. Ra1 1/2-1/2

[Event "Kimry op Jan"]
[Site "Kimry"]
[Date "2011.01.02"]
[Round "1"]
[White "Bolgov, Ilia"]
[Black "Jarulin, Rufat"]
[Result "0-1"]
[WhiteElo "1659"]
[BlackElo "2032"]
[PlyCount "62"]
[EventDate "2011.01.02"]
[EventType "swiss"]
[EventRounds "9"]
[EventCountry "RUS"]
[SourceTitle "CBM 140 Extra"]
[Source "ChessBase"]
[SourceDate "2011.03.01"]
[SourceVersion "1"]
[SourceVersionDate "2011.03.01"]
[SourceQuality "1"]

1. d4 Nf6 2. c4 d6 3. Nf3 g6 4. Nc3 Bg7 5. e3 0-0 6. Be2 Nbd7 7. 0-0 a6 8. Bd2 e5 9. dxe5 Nxe5 10. Nxe5 dxe5 11. Bc1 Qe7 12. Nd5 Nxd5 13. cxd5 e4 14. h3 Rd8 15. Qd2 c6 16. Bc4 cxd5 17. Rd1 Be6 18. Bb3 d4 19. exd4 Bxb3 20. axb3 Rxd4 21. Qe1 Rxd1 22. Qxd1 Re8 23. Qe2 Qb4 24. Qc4 Qe1+ 25. Qf1 Qxf1+ 26. Kxf1 Rc8 27. Rb1 Rc2 28. Ke1 Bd4 29. f3 exf3 30. gxf3 Rh2 31. Bf4 Rh1+ 0-1

[Event "Kimry op 52nd"]
[Site "Kimry"]
[Date "2010.06.10"]
[Round "1"]
[White "Khamko, Kristina"]
[Black "Jarulin, Rufat"]
[Result "0-1"]
[WhiteElo "1547"]
[BlackElo "2063"]
[PlyCount "172"]
[EventDate "2010.06.10"]
[EventType "swiss"]
[EventRounds "7"]
[EventCountry "RUS"]
[SourceTitle "CBM 136 Extra"]
[Source "ChessBase"]
[SourceDate "2010.07.02"]
[SourceVersion "2"]
[SourceVersionDate "2010.07.15"]
[SourceQuality "1"]

1. e4 d6 2. Nf3 Nf6 3. Nc3 g6 4. Bc4 Bg7 5. d3 0-0 6. h3 Nc6 7. Be3 Na5 8. Bb3 Nxb3 9. axb3 a6 10. Qd2 e5 11. Bg5 c6 12. 0-0 Qc7 13. Nh2 Be6 14. Bxf6 Bxf6 15. Ng4 Bxg4 16. hxg4 Qe7 17. g3 Rad8 18. Kg2 d5 19. exd5 cxd5 20. Rae1 Bg7 21. Rh1 f5 22. gxf5 gxf5 23. f4 d4 24. Nd1 e4 25. Qe2 e3 26. Rh3 Qe6 27. c3 Qc6+ 28. Qf3 Qxf3+ 29. Kxf3 dxc3 30. Nxc3 Rxd3 31. Rxe3 Rxe3+ 32. Kxe3 Rf6 33. Kd2 Rb6 34. Kc2 h6 35. Rh2 Rg6 36. Rh3 Kf7 37. Nd5 Rc6+ 38. Nc3 b5 39. Kd3 Rd6+ 40. Kc2 b4 41. Na4 a5 42. Rh2 Rg6 43. Rh5 Kf6 44. Rh3 Ke7 45. Rh5 Rc6+ 46. Kb1 Ke6 47. Rh2 Kd5 48. Re2 Bd4 49. Re8 Ra6 50. Kc2 Rg6 51. Ra8 Rxg3 52. Rxa5+ Ke4 53. Nc5+ Bxc5 54. Rxc5 Rg2+ 55. Kc1 Kxf4 56. Rc4+ Ke3 57. Rxb4 f4 58. Rb6 h5 59. Re6+ Kd3 60. Rd6+ Ke4 61. b4 f3 62. Rf6 f2 63. b5 Rg1+ 64. Kc2 f1Q 65. Rxf1 Rxf1 66. Kc3 h4 67. Kc4 Rc1+ 68. Kb4 Rb1 69. b3 Kd5 70. b6 Kc6 71. b7 Kxb7 72. Kc4 Rxb3 73. Kxb3 h3 74. Kc3 h2 75. Kd4 h1Q 76. Ke5 Kc6 77. Kf4 Kd5 78. Ke3 Qh4 79. Kd3 Qh3+ 80. Ke2 Kd4 81. Kf2 Ke4 82. Ke2 Qh2+ 83. Kd1 Ke3 84. Kc1 Kd3 85. Kb1 Kc3 86. Ka1 Qb2# 0-1

[Event "Kimry op 51st"]
[Site "Kimry"]
[Date "2010.04.18"]
[Round "3"]
[White "Jarulin, Rufat"]
[Black "Shidlovski, Yuri"]
[Result "1-0"]
[WhiteElo "2063"]
[BlackElo "1969"]
[PlyCount "97"]
[EventDate "2010.04.17"]
[EventType "swiss"]
[EventRounds "8"]
[EventCountry "RUS"]
[SourceTitle "CBM 136 Extra"]
[Source "ChessBase"]
[SourceDate "2010.07.02"]
[SourceVersion "2"]
[SourceVersionDate "2010.07.15"]
[SourceQuality "1"]

1. c4 e6 2. d4 d5 3. Nf3 Nf6 4. Nc3 c6 5. Bg5 Nbd7 6. e3 Qa5 7. Bd3 Ne4 8. c5 Nxg5 9. Nxg5 Nf6 10. Qc2 h6 11. Nf3 b6 12. cxb6 axb6 13. 0-0 c5 14. Bb5+ Bd7 15. a4 Bxb5 16. Nxb5 Rc8 17. Rfb1 Qa6 18. Qe2 c4 19. b3 Qb7 20. bxc4 Rxc4 21. Ne5 Rc8 22. a5 Nd7 23. a6 Qa8 24. Rc1 Nxe5 25. Rxc8+ Qxc8 26. a7 Ba3 27. Nd6+ Bxd6 28. a8Q Bb8 29. dxe5 0-0 30. f4 Qc3 31. Qa3 Qc7 32. Rc1 Qb7 33. Qc2 d4 34. Qxf8+ Kxf8 35. Qc8+ Qxc8 36. Rxc8+ Ke7 37. Rxb8 d3 38. Rxb6 f6 39. Rd6 g5 40. Rxd3 fxe5 41. fxe5 h5 42. Kf2 Kf7 43. Rd7+ Kg6 44. e4 g4 45. Re7 Kg5 46. g3 h4 47. Rxe6 hxg3+ 48. hxg3 Kh5 49. Re8 1-0

[Event "Kimry Winter"]
[Site "Kimry"]
[Date "2010.01.24"]
[Round "3"]
[White "Jarulin, Rufat"]
[Black "Makhnev, Vladimir"]
[Result "0-1"]
[WhiteElo "2047"]
[BlackElo "2260"]
[PlyCount "110"]
[EventDate "2010.01.23"]
[EventType "swiss"]
[EventRounds "8"]
[EventCountry "RUS"]
[SourceTitle "EXT 2022"]
[Source "ChessBase"]
[SourceDate "2021.10.06"]
[SourceVersion "1"]
[SourceVersionDate "2021.10.06"]
[SourceQuality "1"]

1. c4 e5 2. Nc3 Nf6 3. Nf3 Nc6 4. g3 d5 5. cxd5 Nxd5 6. d3 Be7 7. Bg2 Nb6 8. 0-0 Be6 9. a3 g5 10. b4 g4 11. Nd2 h5 12. Na4 h4 13. Bb2 Nxa4 14. Qxa4 Bd5 15. e4 Be6 16. Bxe5 Rh5 17. Bf4 Qxd3 18. Rfd1 hxg3 19. Bxg3 a6 20. Bf1 Qd7 21. Nf3 Bd6 22. Nd4 Ne5 23. Qxd7+ Bxd7 24. Be2 Ke7 25. f4 gxf3 26. Nxf3 Nxf3+ 27. Bxf3 Rg5 28. Kf2 Bxg3+ 29. hxg3 Ba4 30. Rd2 Rh8 31. Rg1 b6 32. Rc1 Rh2+ 33. Bg2 c5 34. bxc5 bxc5 35. Rd5 Rxd5 36. exd5 Kd6 37. Rb1 Bb5 38. a4 Bc4 39. Rb6+ Ke5 40. Kg1 Rh8 41. Rc6 Kd4 42. Rf6 Bd3 43. Bf1 c4 44. Rf4+ Ke3 45. Rxc4 Bxc4 46. Bxc4 a5 47. d6 f6 48. d7 Kf3 49. Bf7 Rb8 50. g4 Kxg4 51. Kf2 Kf4 52. Bd5 Ke5 53. Bc6 Kd6 54. Bb5 Kc7 55. Kf3 Rxb5 0-1

[Event "Kimry Winter"]
[Site "Kimry"]
[Date "2010.01.24"]
[Round "4"]
[White "Markov, Mikhail1111"]
[Black "Jarulin, Rufat"]
[Result "0-1"]
[WhiteElo "1858"]
[BlackElo "2047"]
[PlyCount "86"]
[EventDate "2010.01.23"]
[EventType "swiss"]
[EventRounds "8"]
[EventCountry "RUS"]
[SourceTitle "EXT 2022"]
[Source "ChessBase"]
[SourceDate "2021.10.06"]
[SourceVersion "1"]
[SourceVersionDate "2021.10.06"]
[SourceQuality "1"]

1. e4 g6 2. d4 Bg7 3. Nf3 d6 4. Bc4 Nf6 5. Nc3 0-0 6. 0-0 e5 7. dxe5 dxe5 8. Bg5 Qe8 9. Qd2 Bg4 10. Ne1 c6 11. Bxf6 Bxf6 12. f4 Nd7 13. f5 gxf5 14. exf5 Qe7 15. Ne4 Rad8 16. h3 Nb6 17. Qh6 Bg7 18. f6 Qc5+ 19. Nxc5 Bxh6 20. Bd3 Be3+ 21. Kh1 Bxc5 22. hxg4 Nd5 23. Rf5 Rfe8 24. Be4 Rd6 25. Nd3 Bb6 26. g5 Ne3 27. Rf3 Nxc2 28. Rc1 Rd4 29. Bxh7+ Kxh7 30. Rxc2 Kg6 31. Re2 Rh8+ 32. Rh3 Rxh3+ 33. gxh3 Rxd3 34. Rxe5 Rxh3+ 35. Kg2 Rh5 36. Re7 Rxg5+ 37. Kf3 Kxf6 38. Rxb7 Ke6 39. Rb8 Rf5+ 40. Ke4 Rf2 41. Re8+ Kd7 42. Rf8 Ke7 43. Rh8 Rxb2 0-1

[Event "Kimry Summer op 45th"]
[Site "Kimry"]
[Date "2009.06.14"]
[Round "8"]
[White "Chernyaev, Vladimir"]
[Black "Jarulin, Rufat"]
[Result "1/2-1/2"]
[WhiteElo "1861"]
[BlackElo "2054"]
[PlyCount "33"]
[EventDate "2009.06.11"]
[EventType "swiss"]
[EventRounds "8"]
[EventCountry "RUS"]
[SourceTitle "EXT 2022"]
[Source "ChessBase"]
[SourceDate "2021.10.06"]
[SourceVersion "1"]
[SourceVersionDate "2021.10.06"]
[SourceQuality "1"]

1. c4 f5 2. Nc3 Nf6 3. d4 g6 4. Bg5 Bg7 5. Qc2 Nc6 6. 0-0-0 d6 7. a3 0-0 8. Nf3 a6 9. e4 fxe4 10. Nxe4 Nxe4 11. Qxe4 Bf5 12. Qh4 Bf6 13. d5 Ne5 14. Nxe5 dxe5 15. Bxf6 exf6 16. Bd3 Bxd3 17. Rxd3 1/2-1/2

[Event "Kimry Summer op 45th"]
[Site "Kimry"]
[Date "2009.06.14"]
[Round "7"]
[White "Jarulin, Rufat"]
[Black "Doronine, Vladimir"]
[Result "1-0"]
[WhiteElo "2054"]
[BlackElo "1954"]
[PlyCount "69"]
[EventDate "2009.06.11"]
[EventType "swiss"]
[EventRounds "8"]
[EventCountry "RUS"]
[SourceTitle "EXT 2022"]
[Source "ChessBase"]
[SourceDate "2021.10.06"]
[SourceVersion "1"]
[SourceVersionDate "2021.10.06"]
[SourceQuality "1"]

1. e4 d6 2. d4 Nf6 3. Nc3 g6 4. f3 Bg7 5. Be3 0-0 6. Qd2 Re8 7. 0-0-0 a6 8. Kb1 b5 9. g4 b4 10. Nce2 a5 11. Nf4 Bb7 12. Bb5 Bc6 13. Bxc6 Nxc6 14. h4 e5 15. Nfe2 h5 16. d5 Ne7 17. Bg5 Qb8 18. Bxf6 Bxf6 19. gxh5 gxh5 20. Ng3 a4 21. Nxh5 Bh8 22. Nh3 b3 23. a3 bxc2+ 24. Qxc2 Ng6 25. Nf2 Qb6 26. Nd3 Reb8 27. Nb4 Rb7 28. Rhg1 Qe3 29. Nf6+ Kf8 30. Qc6 Qa7 31. Nh7+ Ke7 32. Qc1 Nf4 33. Nc6+ Kd7 34. Nxa7 Rab8 35. Qc6+ 1-0

[Event "Kimry Summer op 45th"]
[Site "Kimry"]
[Date "2009.06.13"]
[Round "5"]
[White "Pitelin, Igor"]
[Black "Jarulin, Rufat"]
[Result "1-0"]
[WhiteElo "2139"]
[BlackElo "2054"]
[PlyCount "129"]
[EventDate "2009.06.11"]
[EventType "swiss"]
[EventRounds "8"]
[EventCountry "RUS"]
[SourceTitle "EXT 2022"]
[Source "ChessBase"]
[SourceDate "2021.10.06"]
[SourceVersion "1"]
[SourceVersionDate "2021.10.06"]
[SourceQuality "1"]

1. e4 c5 2. d4 cxd4 3. c3 d3 4. Bxd3 Nc6 5. Nf3 d6 6. 0-0 Nf6 7. h3 g6 8. Qe2 Bg7 9. Rd1 Qc7 10. Na3 a6 11. Bf4 Nd7 12. Nc4 b5 13. Ne3 Nde5 14. Nd5 Qb7 15. Nxe5 Nxe5 16. Bg5 f6 17. Be3 Nxd3 18. Qxd3 Be6 19. a4 Bxd5 20. Qxd5 Rb8 21. axb5 Qxd5 22. Rxd5 axb5 23. Ra5 b4 24. c4 f5 25. b3 fxe4 26. Ra7 Rf8 27. Bd4 Bxd4 28. Rxd4 Rf7 29. Rxe4 e5 30. Ra5 Kd7 31. c5 Rf4 32. Re3 Rb7 33. cxd6 Kxd6 34. Raxe5 Rbf7 35. f3 Rc7 36. Re8 Rc3 37. Rd8+ Kc7 38. Rdd3 Rxd3 39. Rxd3 Kc6 40. Kf2 Rf7 41. Rd4 Kc5 42. Rc4+ Kb5 43. h4 Ra7 44. Re4 Ra2+ 45. Re2 Ra3 46. Rb2 Kc5 47. Ke3 Kd5 48. g4 Ke5 49. f4+ Kd5 50. Rd2+ Ke6 51. Rd3 Kf6 52. Ke4 Ra1 53. Rd6+ Ke7 54. Rb6 Rh1 55. Rxb4 Rxh4 56. g5 Kd6 57. Rd4+ Ke6 58. b4 Rh1 59. Kd3 Rc1 60. b5 Ke7 61. Rb4 Rc8 62. b6 Kd6 63. b7 Rb8 64. Kd4 Kd7 65. Ke5 1-0

[Event "Kimry-ch"]
[Site "Kimry"]
[Date "2009.01.06"]
[Round "8"]
[White "Borzov, Vladimir"]
[Black "Jarulin, Rufat"]
[Result "1/2-1/2"]
[WhiteElo "2037"]
[BlackElo "2045"]
[PlyCount "90"]
[EventDate "2009.01.02"]
[EventType "swiss"]
[EventRounds "9"]
[EventCountry "RUS"]
[SourceTitle "EXT 2010"]
[Source "ChessBase"]
[SourceDate "2010.11.25"]
[SourceVersion "1"]
[SourceVersionDate "2010.11.25"]
[SourceQuality "1"]

1. e4 g6 2. g3 Bg7 3. Bg2 d6 4. d3 Nc6 5. Nc3 e5 6. Be3 Nf6 7. h3 Nd4 8. Bxd4 exd4 9. Nce2 c5 10. b3 0-0 11. f4 h5 12. Nf3 Rb8 13. a4 Re8 14. 0-0 Nh7 15. Qd2 Bd7 16. Kh2 Bh6 17. c3 dxc3 18. Nxc3 Bg7 19. Rab1 Be6 20. f5 gxf5 21. exf5 Bxf5 22. Nh4 Be6 23. Nd5 Qg5 24. Nf4 Be5 25. Qd1 Kh8 26. Nf3 Qf5 27. Nxe5 Qxe5 28. Re1 Qg5 29. h4 Qg4 30. Bf3 Qf5 31. Be4 Qg4 32. Qd2 Bf5 33. Bg2 Rg8 34. Qf2 Nf6 35. Bf3 Qg7 36. Nxh5 Ng4+ 37. Bxg4 Qxg4 38. Nf4 Rbe8 39. Re3 Rxe3 40. Qxe3 Be6 41. d4 b6 42. Re1 Re8 43. dxc5 dxc5 44. Qe5+ Kg8 45. Qf6 Qg7 1/2-1/2

[Event "Kimry-ch"]
[Site "Kimry"]
[Date "2009.01.04"]
[Round "4"]
[White "Makhnev, Yuri"]
[Black "Jarulin, Rufat"]
[Result "0-1"]
[WhiteElo "1853"]
[BlackElo "2045"]
[PlyCount "78"]
[EventDate "2009.01.02"]
[EventType "swiss"]
[EventRounds "9"]
[EventCountry "RUS"]
[SourceTitle "EXT 2010"]
[Source "ChessBase"]
[SourceDate "2010.11.25"]
[SourceVersion "1"]
[SourceVersionDate "2010.11.25"]
[SourceQuality "1"]

1. d4 f5 2. Bg5 Nf6 3. e3 g6 4. Nc3 d5 5. Nf3 Bg7 6. Be2 0-0 7. Qd2 c6 8. Bxf6 Bxf6 9. 0-0-0 Nd7 10. h4 e5 11. dxe5 Nxe5 12. Nxe5 Bxe5 13. f4 Bf6 14. g3 Qe7 15. Rdg1 Re8 16. Nd1 b5 17. g4 Bd7 18. gxf5 Bxf5 19. h5 g5 20. fxg5 Bxg5 21. Bd3 Bxd3 22. Qxd3 Kh8 23. Rh3 Rac8 24. Rf3 Qg7 25. Rgf1 Rc7 26. Qf5 Rce7 27. Qf8+ Rxf8 28. Rxf8+ Qxf8 29. Rxf8+ Kg7 30. Rf3 d4 31. Kd2 dxe3+ 32. Ke2 Kh6 33. Rh3 Re5 34. a3 Rc5 35. c3 Re5 36. Rf3 Kxh5 37. Rf7 Re7 38. Rf5 Kg4 39. Rc5 Re6 0-1

[Event "Kimry Winter op 41st"]
[Site "Kimry"]
[Date "2008.11.16"]
[Round "3"]
[White "Jarulin, Rufat"]
[Black "Doronine, Vladimir"]
[Result "1-0"]
[WhiteElo "2044"]
[BlackElo "1939"]
[PlyCount "55"]
[EventDate "2008.11.15"]
[EventType "swiss"]
[EventRounds "7"]
[EventCountry "RUS"]
[SourceTitle "EXT 2022"]
[Source "ChessBase"]
[SourceDate "2021.10.06"]
[SourceVersion "1"]
[SourceVersionDate "2021.10.06"]
[SourceQuality "1"]

1. e4 d6 2. d4 Nf6 3. Nc3 g6 4. f3 Bg7 5. Be3 Nbd7 6. Qd2 h5 7. h4 Nb6 8. Be2 c6 9. Nh3 Be6 10. b3 Bxh3 11. Rxh3 Nbd7 12. Nd1 c5 13. Nf2 cxd4 14. Bxd4 Rc8 15. g4 hxg4 16. fxg4 Nc5 17. Bf3 Ne6 18. c3 Nxd4 19. cxd4 Nd7 20. Rd1 e6 21. g5 f6 22. Bg4 Kf7 23. d5 f5 24. dxe6+ Ke7 25. Qxd6+ Ke8 26. exd7+ Kf7 27. dxc8Q Qxc8 28. Qd7+ 1-0

[Event "Kimry Winter op 41st"]
[Site "Kimry"]
[Date "2008.11.16"]
[Round "4"]
[White "Shidlovski, Yuri"]
[Black "Jarulin, Rufat"]
[Result "1/2-1/2"]
[WhiteElo "2017"]
[BlackElo "2044"]
[PlyCount "60"]
[EventDate "2008.11.15"]
[EventType "swiss"]
[EventRounds "7"]
[EventCountry "RUS"]
[SourceTitle "EXT 2022"]
[Source "ChessBase"]
[SourceDate "2021.10.06"]
[SourceVersion "1"]
[SourceVersionDate "2021.10.06"]
[SourceQuality "1"]

1. d4 Nf6 2. e3 d5 3. Bd3 Bg4 4. Nf3 Nc6 5. h3 Bh5 6. g4 Bg6 7. Ne5 Be4 8. f3 Bxd3 9. Qxd3 Nxe5 10. dxe5 Nd7 11. Qxd5 c6 12. Qd4 Qa5+ 13. Bd2 Qxe5 14. Qxe5 Nxe5 15. Ke2 0-0-0 16. b3 e6 17. Bc3 Ng6 18. h4 Rg8 19. Nd2 Ne7 20. e4 f5 21. Rad1 c5 22. Nc4 Nc6 23. Rxd8+ Kxd8 24. Rd1+ Kc7 25. a3 fxe4 26. fxe4 Be7 27. h5 Bf6 28. e5 Be7 29. Rf1 Rf8 30. Rxf8 Bxf8 1/2-1/2

[Event "Kimry Winter op 41st"]
[Site "Kimry"]
[Date "2008.11.15"]
[Round "1"]
[White "Jarulin, Rufat"]
[Black "Bik Mukhamedov, Mikhail"]
[Result "1-0"]
[WhiteElo "2044"]
[BlackElo "1893"]
[PlyCount "43"]
[EventDate "2008.11.15"]
[EventType "swiss"]
[EventRounds "7"]
[EventCountry "RUS"]
[SourceTitle "EXT 2022"]
[Source "ChessBase"]
[SourceDate "2021.10.06"]
[SourceVersion "1"]
[SourceVersionDate "2021.10.06"]
[SourceQuality "1"]

1. b3 e5 2. Bb2 Nc6 3. e3 d5 4. Bb5 Bd6 5. f4 Qe7 6. Nf3 f6 7. fxe5 fxe5 8. Bxc6+ bxc6 9. Nxe5 Bd7 10. Qh5+ Kf8 11. 0-0+ Nf6 12. Ng6+ Ke8 13. Bxf6 Qf7 14. Bxg7 Qxg6 15. Qxg6+ hxg6 16. Bxh8 Ke7 17. Bf6+ Ke8 18. Nc3 Bf5 19. e4 dxe4 20. Nxe4 Kf7 21. Nxd6+ cxd6 22. Rae1 1-0

[Event "Kimry Autumn op 40th"]
[Site "Kimry"]
[Date "2008.09.06"]
[Round "5"]
[White "Jarulin, Rufat"]
[Black "Bivol, Alina"]
[Result "0-1"]
[WhiteElo "2060"]
[BlackElo "1831"]
[PlyCount "122"]
[EventDate "2008.08.31"]
[EventType "swiss"]
[EventRounds "7"]
[EventCountry "RUS"]
[SourceTitle "EXT 2022"]
[Source "ChessBase"]
[SourceDate "2021.10.06"]
[SourceVersion "1"]
[SourceVersionDate "2021.10.06"]
[SourceQuality "1"]

1. b3 Nf6 2. e3 d5 3. Nf3 g6 4. Bb2 Bg7 5. c4 c6 6. d4 0-0 7. Nbd2 Bf5 8. Nh4 Bg4 9. Qc2 Na6 10. a3 Ne8 11. h3 Bd7 12. Nhf3 Bf5 13. Bd3 Bxd3 14. Qxd3 f5 15. Ng5 Nac7 16. f4 Nd6 17. Qe2 h6 18. Ngf3 Ne4 19. Nxe4 fxe4 20. Ne5 Bxe5 21. fxe5 e6 22. Qg4 Kh7 23. 0-0-0 b5 24. c5 Rf5 25. Rhf1 Qf8 26. Qe2 Qe7 27. g4 Rxf1 28. Rxf1 Rf8 29. h4 Kg7 30. h5 Ne8 31. hxg6 Kxg6 32. Rf4 Rxf4 33. exf4 Qh4 34. Bc3 Qg3 35. Bd2 Qxb3 36. f5+ Kf7 37. Qe3 Qc4+ 38. Kb2 exf5 39. gxf5 Ng7 40. Qxh6 Qxd4+ 41. Bc3 Qf2+ 42. Kb3 Qxf5 43. Qxc6 Qe6 44. Qb7+ Kg6 45. Kb4 a6 46. Bd4 Nf5 47. Kc3 e3 48. Bxe3 Qxe5+ 49. Kb3 Qxe3+ 50. Kb2 Qd4+ 51. Kb1 Qxc5 52. Qxa6+ Kg5 53. Qa8 Qg1+ 54. Ka2 Qf2+ 55. Kb1 Qe1+ 56. Kb2 Qe5+ 57. Kb1 Nd4 58. Qd8+ Kg4 59. Qg8+ Kf4 60. Qg1 Qe4+ 61. Ka1 Qe1+ 0-1